<?xml version="1.0" encoding="UTF-8"?>
<record
    xmlns:xsi="http://www.w3.org/2001/XMLSchema-instance"
    xsi:schemaLocation="http://www.loc.gov/MARC21/slim http://www.loc.gov/standards/marcxml/schema/MARC21slim.xsd"
    xmlns="http://www.loc.gov/MARC21/slim">

  <leader>01013nam a22002297a 4500</leader>
  <datafield tag="999" ind1=" " ind2=" ">
    <subfield code="c">22347</subfield>
    <subfield code="d">22347</subfield>
  </datafield>
  <controlfield tag="003">AR-CdUCM</controlfield>
  <controlfield tag="008">190429b           ||||| |||| 00| 0 spa d</controlfield>
  <datafield tag="040" ind1=" " ind2=" ">
    <subfield code="a">MUNICIPALIDAD PROVINCIAL DEL CUSCO</subfield>
    <subfield code="c">BIBLIOTECA MUNICIPAL DEL CUSCO</subfield>
  </datafield>
  <datafield tag="082" ind1=" " ind2=" ">
    <subfield code="a">Industrial/N&#xB0;1/1938</subfield>
  </datafield>
  <datafield tag="245" ind1=" " ind2=" ">
    <subfield code="a">La revista industrial :</subfield>
    <subfield code="b">&#xD3;rgano de la Escuela de Artes y Oficios /</subfield>
    <subfield code="c">Escuela de Artes y Oficios del Cuzco</subfield>
  </datafield>
  <datafield tag="260" ind1=" " ind2=" ">
    <subfield code="a">Cusco.</subfield>
    <subfield code="b">sn,</subfield>
    <subfield code="c">1938.</subfield>
  </datafield>
  <datafield tag="300" ind1=" " ind2=" ">
    <subfield code="a">16 p&#xE1;ginas. :</subfield>
    <subfield code="c">27x21 cm.</subfield>
  </datafield>
  <datafield tag="440" ind1=" " ind2=" ">
    <subfield code="a">La revista industrial.</subfield>
    <subfield code="n">A&#xF1;o I, Cuzco mayo de 1938, N&#xB0;1.</subfield>
    <subfield code="9">47897</subfield>
  </datafield>
  <datafield tag="505" ind1=" " ind2=" ">
    <subfield code="a">Contenido: Yacimientos aur&#xED;feros. -- De la memoria anual de la granja Kcaira. -- El gobierno y los obreros. -- Agricultura campa&#xF1;a triguera. -- Cr&#xF3;nica de la escuela elementos de construcci&#xF3;n.</subfield>
  </datafield>
  <datafield tag="650" ind1=" " ind2=" ">
    <subfield code="a">Revista cusque&#xF1;a</subfield>
    <subfield code="9">47898</subfield>
  </datafield>
  <datafield tag="650" ind1=" " ind2=" ">
    <subfield code="a">Artes y oficios</subfield>
    <subfield code="9">47899</subfield>
  </datafield>
  <datafield tag="700" ind1=" " ind2=" ">
    <subfield code="a">Novoa, C&#xE9;sar A</subfield>
    <subfield code="9">47900</subfield>
  </datafield>
  <datafield tag="700" ind1=" " ind2=" ">
    <subfield code="a">Mart&#xED;nez Claure, Carlos</subfield>
    <subfield code="9">47901</subfield>
  </datafield>
  <datafield tag="710" ind1=" " ind2=" ">
    <subfield code="a">Escuela de Artes y Oficios del Cuzco</subfield>
    <subfield code="9">47902</subfield>
  </datafield>
  <datafield tag="942" ind1=" " ind2=" ">
    <subfield code="2">ddc</subfield>
    <subfield code="c">PP</subfield>
  </datafield>
  <datafield tag="945" ind1=" " ind2=" ">
    <subfield code="a">rac</subfield>
  </datafield>
  <datafield tag="952" ind1=" " ind2=" ">
    <subfield code="0">0</subfield>
    <subfield code="2">ddc</subfield>
    <subfield code="4">0</subfield>
    <subfield code="7">0</subfield>
    <subfield code="a">HEM</subfield>
    <subfield code="b">HEM</subfield>
    <subfield code="c">CART</subfield>
    <subfield code="d">2022-04-19</subfield>
    <subfield code="g">5.00</subfield>
    <subfield code="o">Industrial/N&#xB0;1/1938</subfield>
    <subfield code="p">REVC000649</subfield>
    <subfield code="r">2022-04-19</subfield>
    <subfield code="y">PP</subfield>
  </datafield>
</record>
